Stemmi Squadre di calcio - Premier League - Quiz n°4 - Statistics

Statistiche generali
  • Questo quiz è stato fatto 296 volte
  • Il punteggio medio è 9 su 10
Statistiche sulle risposte
con Immagini Risposta % Corretto
Leicester City Football Club
99%
Watford Football Club
98%
A Football Club Wimbledon
97%
Arsenal Football Club
97%
Stoke City Football Club
96%
Tottenham Hotspur Football Club
96%
Athletic Football Club Bournemouth
94%
Charlton Athletic Football Club
92%
Huddersfield Town Association Football Club
92%
Wolverhampton Wanderers Football Club
83%
Nessun quiz corrispondente trovato
Distribuzione punteggi
Percentuale di utenti per punteggio
Percentile per numero di risposta
I tuoi punteggi nel tempo
Non hai fatto questo quiz